000 00685nam a22002297a 4500
999 _c126587
_d126587
005 20181218121838.0
010 _aB-091403
020 _c00.00
_a8176483834
035 _aB-091403
037 _bCen Lib/Ret
082 _a343.0999
_bTAB
100 _aTabrez Ahmad
245 _aCyberlaw,E-commerce & M-commerce /
_cby Tabrez Ahmad
260 _aNew Delhi
_bA.P.H.Publishing Corporation
_c2003
270 _a5, Ansari Road, Daryaganj
_bNew Delhi
_e110002
300 _ax,425p.
_c20cm(Hb)
500 _aIncludes bibliographical refrences and index
650 _aElectronic Commerce
650 _aCyber law.
942 _2ddc
_cEN
_h343.0999
_mTAB